[Event "White Nights Open 2006"]
[Site "St. Petersburg RUS"]
[Date "2006.06.25"]
[Round "3.42"]
[White "Kudriavtsev, Yury"]
[Black "Timchenko, Aleksandr"]
[Result "1/2-1/2"]
[WhiteElo "1982"]
[BlackElo "2119"]
[PlyCount "74"]
[EventDate "2006.06.22"]
[EventType "swiss"]
[EventRounds "9"]
[EventCountry "RUS"]
[Source "lmi"]
[SourceDate "2006.06.29"]

1. e4 g6 2. d4 Bg7 3. Nc3 c6 4. f4 d5 5. e5 f6 6. Nf3 Bg4 7. Be2 Nh6 8. Be3 e6
9. Qd2 Nd7 10. h3 Bxf3 11. Bxf3 Nf5 12. g4 Nxe3 13. Qxe3 fxe5 14. fxe5 Qh4+ 15.
Qf2 Qxf2+ 16. Kxf2 O-O 17. Ne2 c5 18. c3 Rac8 19. g5 cxd4 20. cxd4 Rc2 21. Rab1
Bxe5 22. Ke3 Bd6 23. Bg4 Kf7 24. h4 Ke7 25. Kd3 Rcc8 26. Rbe1 Bb4 27. Nc3 Bxc3
28. Rxe6+ Kd8 29. bxc3 Rf4 30. Bd1 Rc6 31. Re3 Nb6 32. Rf3 Re4 33. Bb3 Rce6 34.
Rhh3 Ke7 35. Re3 Rg4 36. Bd1 Rg1 37. Bb3 Rg4 1/2-1/2

[Event "White Nights Open 2006"]
[Site "St. Petersburg RUS"]
[Date "2006.06.25"]
[Round "3.44"]
[White "Zefirov, Vadim"]
[Black "Bazhenova, Dina"]
[Result "1-0"]
[WhiteElo "2086"]
[BlackElo "1858"]
[PlyCount "41"]
[EventDate "2006.06.22"]
[EventType "swiss"]
[EventRounds "9"]
[EventCountry "RUS"]
[Source "lmi"]
[SourceDate "2006.06.29"]

1. e4 c5 2. c3 d5 3. d3 dxe4 4. dxe4 Qxd1+ 5. Kxd1 e5 6. Na3 Nf6 7. f3 Be6 8.
Bc4 Bxc4 9. Nxc4 Nc6 10. Nh3 O-O-O+ 11. Ke2 Be7 12. a4 b6 13. Be3 Kc7 14. Nf2
a6 15. b4 b5 16. axb5 axb5 17. Nxe5 Nxe5 18. Ra7+ Kb8 19. Rxe7 Nc4 20. Bf4+ Nd6
21. bxc5 1-0

[Event "White Nights Open 2006"]
[Site "St. Petersburg RUS"]
[Date "2006.06.25"]
[Round "3.47"]
[White "Bazeev, German"]
[Black "Belov, Mikhail"]
[Result "1-0"]
[WhiteElo "2182"]
[BlackElo "1994"]
[PlyCount "157"]
[EventDate "2006.06.22"]
[EventType "swiss"]
[EventRounds "9"]
[EventCountry "RUS"]
[Source "lmi"]
[SourceDate "2006.06.29"]

1. e4 c6 2. d4 d5 3. exd5 cxd5 4. c4 Nf6 5. Nc3 Nc6 6. Nf3 Bg4 7. Be3 e6 8. h3
Bh5 9. Qb3 Bb4 10. a3 Qa5 11. Rc1 Bxc3+ 12. bxc3 O-O 13. Qxb7 Qxa3 14. c5 Rfc8
15. Ba6 Ne4 16. O-O Rab8 17. Qxc8+ Rxc8 18. Bxc8 Bxf3 19. gxf3 Nxc3 20. Bd7
Ne2+ 21. Kg2 Ncxd4 22. c6 Nxc6 23. Rxc6 h6 24. Rc2 Qd3 25. Rd2 Qg6+ 26. Kh2 d4
27. Rxe2 dxe3 28. Rxe3 Qf6 29. Rg1 Qd4 30. Bb5 Qd2 31. Be2 Qd6+ 32. Kh1 Kf8 33.
Rd1 Qe7 34. Re4 Qc5 35. Kg2 Qg5+ 36. Rg4 Qe5 37. Bc4 Ke7 38. Rb1 Kf6 39. Re4
Qg5+ 40. Kh2 Qf5 41. Be2 Qc5 42. Kg2 Qg5+ 43. Kh2 Qc5 44. Re3 a5 45. Rb5 Qc6
46. Rxa5 Qc7+ 47. Rae5 Ke7 48. Kg2 Qc2 49. Bd3 Qa4 50. Rb5 Qf4 51. Rb7+ Kf6 52.
Bf1 Qg5+ 53. Kh1 Qh4 54. Re2 Qh5 55. Bg2 Qd5 56. Rb1 Qd3 57. Reb2 Qf5 58. Rd1
Qe5 59. Rb7 Qe2 60. Rf1 Qd2 61. Kg1 Qd5 62. Rfb1 Qg5 63. Ra7 Qc5 64. Rbb7 Qc1+
65. Bf1 Qg5+ 66. Kh1 Qh5 67. Rxf7+ Qxf7 68. Rxf7+ Kxf7 69. Kg2 Kf6 70. Kg3 Ke5
71. Bc4 Kf5 72. f4 e5 73. fxe5 Kxe5 74. Kg4 g6 75. Bd3 Kf6 76. Kf4 Kf7 77. Ke5
Kg7 78. Ke6 h5 79. h4 1-0

[Event "White Nights Open 2006"]
[Site "St. Petersburg RUS"]
[Date "2006.06.25"]
[Round "3.48"]
[White "Zakharov, Yuri"]
[Black "Ryzhkov, Vjacheslav"]
[Result "1/2-1/2"]
[WhiteElo "1996"]
[BlackElo "2085"]
[PlyCount "106"]
[EventDate "2006.06.22"]
[EventType "swiss"]
[EventRounds "9"]
[EventCountry "RUS"]
[Source "lmi"]
[SourceDate "2006.06.29"]

1. Nf3 f5 2. d4 Nf6 3. c4 g6 4. g3 Bg7 5. Bg2 d6 6. Nc3 O-O 7. d5 Qe8 8. Qb3
Na6 9. Be3 c6 10. O-O h6 11. Bd4 Qf7 12. e3 e5 13. dxe6 Bxe6 14. Nd2 g5 15.
Rad1 Ng4 16. Bxg7 Kxg7 17. Qa3 f4 18. exf4 gxf4 19. Nce4 d5 20. cxd5 Bxd5 21.
Qc3+ Kg8 22. h3 Nf6 23. Nxf6+ Qxf6 24. Bxd5+ cxd5 25. Qxf6 Rxf6 26. Nb3 Rd8 27.
Rfe1 Kf7 28. Re5 fxg3 29. fxg3 Rfd6 30. Nd4 Kf6 31. Rh5 Kg6 32. g4 Rb6 33. b3
Nb4 34. Rd2 Rf6 35. Nf5 Kh7 36. Ne7 d4 37. Rb5 Rb6 38. Rf5 Kg7 39. Re5 d3 40.
Rc5 Kf6 41. a3 Nc6 42. Nxc6 Rxc6 43. Rxc6+ bxc6 44. Kf2 Kg5 45. Kg3 Rd4 46. h4+
Kg6 47. b4 Kf6 48. g5+ hxg5 49. hxg5+ Kxg5 50. Kf3 a5 51. Ke3 Rh4 52. bxa5 Ra4
53. Rxd3 Rxa5 1/2-1/2

[Event "White Nights Open 2006"]
[Site "St. Petersburg RUS"]
[Date "2006.06.25"]
[Round "3.49"]
[White "Meiling, Yakov"]
[Black "Lychik, Robert"]
[Result "1-0"]
[WhiteElo "1974"]
[BlackElo "2078"]
[PlyCount "121"]
[EventDate "2006.06.22"]
[EventType "swiss"]
[EventRounds "9"]
[EventCountry "RUS"]
[Source "lmi"]
[SourceDate "2006.06.29"]

1. d4 d5 2. c4 Nc6 3. Nc3 Nf6 4. Nf3 e6 5. Bg5 Bb4 6. e3 h6 7. Bh4 g5 8. Bg3
Ne4 9. Rc1 Bxc3+ 10. bxc3 Nxg3 11. hxg3 Qf6 12. Qb3 g4 13. Nd2 Ne7 14. Be2 h5
15. cxd5 exd5 16. c4 h4 17. gxh4 Rxh4 18. Rxh4 Qxh4 19. cxd5 Qh1+ 20. Bf1 g3
21. fxg3 Bh3 22. gxh3 Kf8 23. e4 Re8 24. Kf2 f5 25. Qf3 Qxf3+ 26. Kxf3 fxe4+
27. Kxe4 Nc6+ 28. Kf3 Nxd4+ 29. Kf2 Re7 30. Rc4 c5 31. Rxc5 Rf7+ 32. Kg2 Re7
33. Rc4 Nf5 34. Rf4 Rf7 35. Kh2 Ne3 36. Rxf7+ Kxf7 37. h4 Kf6 38. Kh3 Nxd5 39.
Bg2 Nb4 40. Bxb7 Nxa2 41. Kg4 a5 42. Bc6 Nb4 43. Bb5 Nd5 44. Ne4+ Ke5 45. Nc5
Nc3 46. Be8 Nd5 47. Kg5 Ne3 48. Nb3 Nf1 49. g4 Nh2 50. h5 Nf3+ 51. Kg6 Nh4+ 52.
Kg7 Kf4 53. Bd7 Nf3 54. Nxa5 Ne5 55. Be6 Kg5 56. h6 Ng6 57. h7 Nf4 58. Bf7 Kxg4
59. h8=Q Ng2 60. Qh5+ Kg3 61. Qg5+ 1-0

[Event "White Nights Open 2006"]
[Site "St. Petersburg RUS"]
[Date "2006.06.25"]
[Round "3.50"]
[White "Manina, Ksenia"]
[Black "Kopasov, Alexander"]
[Result "0-1"]
[WhiteElo "2072"]
[BlackElo "1959"]
[PlyCount "112"]
[EventDate "2006.06.22"]
[EventType "swiss"]
[EventRounds "9"]
[EventCountry "RUS"]
[Source "lmi"]
[SourceDate "2006.06.29"]

1. e4 c5 2. Nc3 Nc6 3. f4 g6 4. Nf3 Bg7 5. g3 e6 6. Bg2 Nge7 7. O-O O-O 8. d3
d6 9. h3 Nd4 10. Nxd4 cxd4 11. Ne2 e5 12. g4 f5 13. g5 d5 14. Ng3 dxe4 15. dxe4
Qb6 16. exf5 Nxf5 17. Qd3 Ne3 18. Bxe3 dxe3 19. Ne2 exf4 20. Rxf4 Bf5 21. Qd5+
Kh8 22. Qxb7 Qxb7 23. Bxb7 Rab8 24. Be4 Rxb2 25. Raf1 Be5 26. R4f3 Rb5 27. Bxf5
gxf5 28. Rxf5 Rxf5 29. Rxf5 Bh2+ 30. Kxh2 Rxf5 31. Kg3 Rf2 32. Nd4 Rd2 33. c3
Rxa2 34. Kf3 Rh2 35. Kxe3 Rxh3+ 36. Kd2 Kg7 37. c4 Kf7 38. c5 Ke7 39. Nc6+ Kd7
40. Nxa7 Rh5 41. c6+ Kc7 42. Nb5+ Kxc6 43. Nd4+ Kd5 44. Nf3 Ke4 45. Ke2 Rh3 46.
Ng1 Rh2+ 47. Kf1 Ke3 48. Ke1 Rg2 49. Kf1 Rxg5 50. Nh3 Rg3 51. Ng1 h5 52. Ne2
Rf3+ 53. Ke1 h4 54. Ng1 Rg3 55. Kf1 h3 56. Ne2 Rf3+ 0-1

[Event "White Nights Open 2006"]
[Site "St. Petersburg RUS"]
[Date "2006.06.25"]
[Round "3.51"]
[White "Chuvakov, Nikolay"]
[Black "Sorokina, Anastasia"]
[Result "1/2-1/2"]
[WhiteElo "1815"]
[BlackElo "2062"]
[PlyCount "130"]
[EventDate "2006.06.22"]
[EventType "swiss"]
[EventRounds "9"]
[EventCountry "RUS"]
[Source "lmi"]
[SourceDate "2006.06.29"]

1. c4 e5 2. Nc3 Nc6 3. Nf3 d6 4. d3 g6 5. e4 Bg7 6. Be2 Nge7 7. O-O O-O 8. h3
f5 9. exf5 Nxf5 10. Nd5 Ncd4 11. Nxd4 Nxd4 12. Be3 Nf5 13. Qd2 h6 14. Rab1 g5
15. b4 Be6 16. Nc3 Nh4 17. Ne4 Qd7 18. Kh2 Rf4 19. Bxf4 gxf4 20. Qd1 Kh8 21.
Bg4 f3 22. gxf3 Rf8 23. Rg1 Bxg4 24. Rxg4 Nxf3+ 25. Kg2 Qf5 26. Rg3 Nh4+ 27.
Kh1 Nf3 28. Qe2 h5 29. Nd2 Nxd2 30. Qxd2 Qxf2 31. Qxf2 Rxf2 32. Rbg1 Rf7 33.
Rg5 Kg8 34. Rxh5 Kf8 35. Rhg5 Bh6 36. Rg8+ Ke7 37. Rh8 Bd2 38. b5 Bc3 39. Rgg8
Rf1+ 40. Kg2 Ra1 41. Rh7+ Ke6 42. Rxc7 Rxa2+ 43. Kf3 Rd2 44. Rxb7 Rxd3+ 45. Kg4
Rd4+ 46. Kh5 Rxc4 47. Rxa7 Rb4 48. Rb7 Kd5 49. Rc8 Bd4 50. Rc2 e4 51. Kg5 e3
52. h4 Ke4 53. h5 Kd3 54. Rh2 e2 55. Re7 Rxb5+ 56. Kg6 Rb2 57. Rh1 Kd2 58. h6
Rb3 59. h7 Re3 60. Rd7 e1=Q 61. Rxe1 Kxe1 62. Rxd6 Bc3 63. Rc6 Rg3+ 64. Kf5 Rh3
65. Rxc3 Rxh7 1/2-1/2

[Event "White Nights Open 2006"]
[Site "St. Petersburg RUS"]
[Date "2006.06.25"]
[Round "3.52"]
[White "Nezbailo, Dmitry"]
[Black "Stroganov, Anatoly"]
[Result "1/2-1/2"]
[WhiteElo "2057"]
[BlackElo "1940"]
[PlyCount "140"]
[EventDate "2006.06.22"]
[EventType "swiss"]
[EventRounds "9"]
[EventCountry "RUS"]
[Source "lmi"]
[SourceDate "2006.06.29"]

1. Nf3 Nf6 2. c4 e5 3. Nxe5 d5 4. cxd5 Qxd5 5. Nf3 Bc5 6. Nc3 Qh5 7. d4 Bd6 8.
e3 c6 9. Bd2 O-O 10. Be2 Re8 11. O-O g5 12. Ne5 g4 13. f4 Kh8 14. Qb3 Rf8 15.
e4 b5 16. Nd3 Bc7 17. e5 Be6 18. Qc2 Nd5 19. Nxd5 Bxd5 20. Nb4 Bb6 21. Nxd5
cxd5 22. Be3 a6 23. h3 f5 24. exf6 Qe8 25. Qd2 gxh3 26. gxh3 Qg6+ 27. Kh2 Qxf6
28. Bf3 Qd6 29. Rg1 Nd7 30. Rg5 Nf6 31. Re5 Rg8 32. Rg1 Rxg1 33. Bxg1 Bc7 34.
Be3 Rg8 35. Rf5 Qe6 36. Qd3 Re8 37. Bd2 Ne4 38. Bg4 Nf2 39. Qc3 Nxg4+ 40. hxg4
Qe2+ 41. Kg3 Bd8 42. Re5 Rxe5 43. dxe5 Qe4 44. e6+ d4 45. Qb3 Qh1 46. g5 Qg1+
47. Kf3 Qf1+ 48. Kg3 Qg1+ 49. Kh3 Qf1+ 50. Kg3 Qg1+ 51. Kf3 Qf1+ 52. Ke4 Qe2+
53. Kxd4 Qxd2+ 54. Ke4 Qe2+ 55. Kf5 Be7 56. Qc3+ Kg8 57. Qc8+ Kg7 58. Qc3+ Kg8
59. Qc8+ Kg7 60. Qe8 Qd3+ 61. Kg4 Qe2+ 62. Kf5 Qc2+ 63. Kg4 Qg2+ 64. Kh4 Qf2+
65. Kg4 Qg1+ 66. Kf5 Qc5+ 67. Kg4 Qg1+ 68. Kf5 Qc5+ 69. Kg4 Qg1+ 70. Kf5 Qc5+
1/2-1/2

[Event "White Nights Open 2006"]
[Site "St. Petersburg RUS"]
[Date "2006.06.26"]
[Round "4.3"]
[White "Kostin, Sergei"]
[Black "Gritsenko, Andrey"]
[Result "0-1"]
[WhiteElo "2280"]
[BlackElo "2341"]
[PlyCount "158"]
[EventDate "2006.06.22"]
[EventType "swiss"]
[EventRounds "9"]
[EventCountry "RUS"]
[Source "lmi"]
[SourceDate "2006.06.29"]

1. d4 Nf6 2. c4 g6 3. Nf3 Bg7 4. Bg5 Ne4 5. Bf4 d5 6. Nc3 Nxc3 7. bxc3 c5 8. e3
O-O 9. Bd3 cxd4 10. exd4 dxc4 11. Bxc4 Nc6 12. O-O Na5 13. Bb3 Nxb3 14. axb3
Bf5 15. Re1 Re8 16. Ne5 a6 17. Qf3 Be6 18. Qxb7 Rb8 19. Qxa6 Rxb3 20. Nc6 Qd7
21. c4 h6 22. Rac1 Bf5 23. d5 Bb2 24. d6 exd6 25. Rcd1 Bc2 26. h3 Bxd1 27. Rxd1
Re6 28. Bxh6 Bf6 29. Nd4 Bxd4 30. Rxd4 Rb1+ 31. Kh2 Rb2 32. Qa8+ Qe8 33. Qf3
Re1 34. Rxd6 Qe5+ 35. Bf4 Qe7 36. Rd5 Ree2 37. Bg3 Rb1 38. Qf4 Ree1 39. Bh4
Rh1+ 40. Kg3 Rb3+ 41. f3 Qe1+ 42. Kg4 Qe6+ 43. Kg3 Qe1+ 44. Kg4 f5+ 45. Kg5
Qe7+ 46. Kh6 Qh7+ 47. Kg5 Qe7+ 48. Kh6 Qh7+ 49. Kg5 Qh5+ 50. Kf6 Rb6+ 51. Rd6
Rxd6+ 52. Qxd6 Qxh4+ 53. Kxg6 Qh7+ 54. Kg5 Qf7 55. Qb8+ Kh7 56. Qe5 Rg1 57. g4
fxg4 58. Qe4+ Kg7 59. Qd4+ Kh7 60. Qxg1 Qe7+ 61. Kf4 Qc7+ 62. Kg5 Qg7+ 63. Kf4
Qf6+ 64. Ke4 Qxf3+ 65. Kd4 g3 66. Qb1+ Kh6 67. Qc1+ Kh5 68. c5 g2 69. c6 Qf2+
70. Kd5 g1=Q 71. Qxg1 Qxg1 72. Kd6 Qd4+ 73. Ke7 Qe5+ 74. Kd7 Qd5+ 75. Kc7 Kg6
76. Kb6 Qb3+ 77. Ka7 Qa4+ 78. Kb6 Qa8 79. Kc7 Kf7 0-1

[Event "White Nights Open 2006"]
[Site "St. Petersburg RUS"]
[Date "2006.06.26"]
[Round "4.4"]
[White "Orlov, Vassily"]
[Black "Egorov, Dmitry"]
[Result "1-0"]
[WhiteElo "2450"]
[BlackElo "2215"]
[PlyCount "35"]
[EventDate "2006.06.22"]
[EventType "swiss"]
[EventRounds "9"]
[EventCountry "RUS"]
[Source "lmi"]
[SourceDate "2006.06.29"]

1. e4 e5 2. d4 exd4 3. Qxd4 Nc6 4. Qe3 Bb4+ 5. Bd2 Nf6 6. Nc3 O-O 7. O-O-O Re8
8. Bc4 d6 9. Nh3 Bc5 10. Qg3 Ne5 11. Be2 Ng6 12. Ng5 h6 13. h4 hxg5 14. Bxg5
Qe7 15. h5 Nxe4 16. Nxe4 Qxe4 17. hxg6 Qxe2 18. Rh8+ 1-0

[Event "White Nights Open 2006"]
[Site "St. Petersburg RUS"]
[Date "2006.06.26"]
[Round "4.6"]
[White "Kryschilovskij, Andrej"]
[Black "Altshul, Raffael"]
[Result "0-1"]
[WhiteElo "2347"]
[BlackElo "2291"]
[PlyCount "68"]
[EventDate "2006.06.22"]
[EventType "swiss"]
[EventRounds "9"]
[EventCountry "RUS"]
[Source "lmi"]
[SourceDate "2006.06.29"]

1. d4 Nf6 2. c4 e6 3. Nf3 a6 4. Nc3 c5 5. e3 d5 6. Bd3 Nc6 7. O-O Be7 8. cxd5
exd5 9. dxc5 Bxc5 10. e4 dxe4 11. Nxe4 Nxe4 12. Bxe4 Qxd1 13. Rxd1 O-O 14. Bf4
Be6 15. Ng5 h6 16. Nxe6 fxe6 17. Bg3 Nd4 18. Kh1 Nf5 19. f3 Nxg3+ 20. hxg3 Rab8
21. Rd7 b6 22. Rad1 Rf7 23. Bh7+ Kf8 24. Bg6 Rxd7 25. Rxd7 Be7 26. Kh2 a5 27.
b3 Rd8 28. Rb7 Rd6 29. Kh3 e5 30. Be4 Kf7 31. a4 g6 32. Kg4 Rd1 33. f4 Rf1 34.
Bd5+ Kf8 0-1

[Event "White Nights Open 2006"]
[Site "St. Petersburg RUS"]
[Date "2006.06.26"]
[Round "4.7"]
[White "Kosarev, Dmitry"]
[Black "Feofanov, Denis"]
[Result "1/2-1/2"]
[WhiteElo "2185"]
[BlackElo "2347"]
[PlyCount "63"]
[EventDate "2006.06.22"]
[EventType "swiss"]
[EventRounds "9"]
[EventCountry "RUS"]
[Source "lmi"]
[SourceDate "2006.06.29"]

1. d4 d5 2. c4 Bf5 3. Nc3 e6 4. Nf3 c6 5. g3 Nf6 6. Bg2 Nbd7 7. O-O Be7 8. b3
O-O 9. Bb2 h6 10. Nd2 c5 11. dxc5 Nxc5 12. b4 Qb6 13. a3 a5 14. cxd5 axb4 15.
axb4 Qxb4 16. Rxa8 Rxa8 17. Qc1 exd5 18. Nxd5 Nxd5 19. Bxd5 Na4 20. Ba1 Rc8 21.
Qd1 Bc2 22. Qc1 Bg5 23. e3 Bf5 24. Qd1 Rd8 25. Qf3 Qxd2 26. Bxf7+ Kxf7 27.
Qxf5+ Kg8 28. Qe6+ Kf8 29. Qf5+ Kg8 30. Qe6+ Kf8 31. Qf5+ Kg8 32. Qe6+ 1/2-1/2

[Event "White Nights Open 2006"]
[Site "St. Petersburg RUS"]
[Date "2006.06.26"]
[Round "4.9"]
[White "Kazakevich, Grigoriy"]
[Black "Andreev, Konstantin"]
[Result "1-0"]
[WhiteElo "2113"]
[BlackElo "2322"]
[PlyCount "143"]
[EventDate "2006.06.22"]
[EventType "swiss"]
[EventRounds "9"]
[EventCountry "RUS"]
[Source "lmi"]
[SourceDate "2006.06.29"]

1. e4 e5 2. Nf3 Nc6 3. Bb5 a6 4. Ba4 Nf6 5. O-O Be7 6. Re1 b5 7. Bb3 O-O 8. d4
Nxd4 9. Nxd4 exd4 10. e5 Ne8 11. c3 dxc3 12. Nxc3 d6 13. Bf4 dxe5 14. Bxe5 Qxd1
15. Raxd1 Be6 16. Bxe6 fxe6 17. Ne4 c5 18. g3 c4 19. Kg2 h6 20. Rd7 Rf7 21. Re2
Bf6 22. Rxf7 Kxf7 23. f4 a5 24. Rd2 Ra7 25. Kf3 Ke7 26. Ke3 Rd7 27. Rxd7+ Kxd7
28. Kd4 Kc6 29. a4 Be7 30. Nc3 Bc5+ 31. Ke4 b4 32. Nb5 Bg1 33. Nd4+ Kd7 34. Nf3
Bb6 35. Nd2 Nf6+ 36. Bxf6 gxf6 37. Nxc4 Bc7 38. b3 Kc6 39. g4 Kc5 40. Ne3 Bd8
41. h3 Bb6 42. f5 e5 43. Ng2 Kd6 44. Ne1 Bf2 45. Nf3 Bb6 46. Nd2 Bc7 47. Nc4+
Kc5 48. Ne3 Bb6 49. Ng2 Kd6 50. Nh4 Bf2 51. Nf3 Bb6 52. h4 Bd8 53. Nd2 Kc6 54.
Nc4 Kc5 55. Nd2 Kc6 56. Nf3 Kd6 57. h5 Be7 58. Nh4 Bd8 59. Ng6 Be7 60. g5 fxg5
61. Nxe5 Kc5 62. Ng4 Bf8 63. Ke5 Bg7+ 64. f6 Bf8 65. f7 Bg7+ 66. Kf5 Kd4 67.
Kg6 Bf8 68. Nxh6 Kc3 69. Ng4 Kxb3 70. h6 Ka2 71. Ne3 b3 72. Nc4 1-0

[Event "White Nights Open 2006"]
[Site "St. Petersburg RUS"]
[Date "2006.06.26"]
[Round "4.10"]
[White "Nikolaev, Vadim"]
[Black "Eliseev, Alexei"]
[Result "0-1"]
[WhiteElo "2186"]
[BlackElo "2425"]
[PlyCount "70"]
[EventDate "2006.06.22"]
[EventType "swiss"]
[EventRounds "9"]
[EventCountry "RUS"]
[Source "lmi"]
[SourceDate "2006.06.29"]

1. d4 Nf6 2. Nf3 c5 3. dxc5 Na6 4. c4 Nxc5 5. Nc3 b6 6. b3 Bb7 7. Bb2 e6 8. e3
Be7 9. Be2 O-O 10. O-O a6 11. Nd4 Qc7 12. Bf3 Bxf3 13. Nxf3 Rfd8 14. Qe2 Qb7
15. Rfd1 h6 16. Rac1 b5 17. b4 Nce4 18. Nxe4 Nxe4 19. cxb5 axb5 20. a3 d5 21.
Nd4 Nd6 22. Nc6 Rdc8 23. Na5 Qd7 24. Be5 Rxc1 25. Rxc1 Nc4 26. Nxc4 dxc4 27.
Bb2 Rd8 28. Kf1 Qd6 29. f4 Qd5 30. Rc2 Bf6 31. Bxf6 gxf6 32. a4 bxa4 33. Rxc4
a3 34. Kf2 Ra8 35. Rc5 a2 0-1

[Event "White Nights Open 2006"]
[Site "St. Petersburg RUS"]
[Date "2006.06.26"]
[Round "4.11"]
[White "Prelovskij, Rudolf"]
[Black "Nester, Ihor"]
[Result "1-0"]
[WhiteElo "2184"]
[BlackElo "2417"]
[PlyCount "101"]
[EventDate "2006.06.22"]
[EventType "swiss"]
[EventRounds "9"]
[EventCountry "RUS"]
[Source "lmi"]
[SourceDate "2006.06.29"]

1. c4 c5 2. Nf3 Nf6 3. d4 cxd4 4. Nxd4 b6 5. Nc3 Bb7 6. Bg5 d6 7. f3 Nbd7 8. e4
a6 9. Qd2 e6 10. Be2 Be7 11. O-O Rc8 12. Be3 Ne5 13. b3 O-O 14. h3 Qc7 15. Rac1
Qb8 16. Rfd1 Rfe8 17. Nc2 Nfd7 18. f4 Ng6 19. Bf3 Nh4 20. Be2 Nc5 21. g3 Ng6
22. Bf3 Qa8 23. Qg2 f5 24. Bxc5 bxc5 25. Ne1 fxe4 26. Bxe4 Bxe4 27. Qxe4 Qxe4
28. Nxe4 Red8 29. Nd3 Nf8 30. Re1 Nd7 31. f5 exf5 32. Nexc5 Nxc5 33. Nxc5 dxc5
34. Rxe7 Rd2 35. Rce1 Rcd8 36. Re8+ Rxe8 37. Rxe8+ Kf7 38. Re5 Kf6 39. Rxc5
Rxa2 40. h4 Kg6 41. Rc7 a5 42. Rb7 Kh6 43. c5 Rc2 44. Rb5 Kh5 45. Rxa5 Kg4 46.
Ra4+ Kxg3 47. Rc4 Rg2+ 48. Kf1 Rf2+ 49. Ke1 f4 50. c6 f3 51. Rg4+ 1-0

[Event "White Nights Open 2006"]
[Site "St. Petersburg RUS"]
[Date "2006.06.26"]
[Round "4.12"]
[White "Pirogov, Vyatcheslav"]
[Black "Ezov, Roman"]
[Result "1-0"]
[WhiteElo "2390"]
[BlackElo "2133"]
[PlyCount "81"]
[EventDate "2006.06.22"]
[EventType "swiss"]
[EventRounds "9"]
[EventCountry "RUS"]
[Source "lmi"]
[SourceDate "2006.06.29"]

1. d4 Nf6 2. Nf3 c5 3. d5 g6 4. Nc3 Bg7 5. e4 d6 6. Bb5+ Bd7 7. a4 O-O 8. Bxd7
Nfxd7 9. O-O Na6 10. Nd2 Nc7 11. Nc4 a6 12. a5 Nb5 13. Na4 Qc7 14. c3 Rad8 15.
Bf4 Ne5 16. Nxe5 dxe5 17. Be3 Nd6 18. Nxc5 Nc4 19. Qe2 Nxe3 20. Qxe3 Rd6 21. b4
f5 22. Ne6 Rxe6 23. dxe6 Qc6 24. Qc5 Qxe6 25. Qd5 Qxd5 26. exd5 Rc8 27. Rac1
Rc4 28. Rfd1 e4 29. d6 exd6 30. Rxd6 Bxc3 31. Rd8+ Kf7 32. Rd7+ Ke8 33. Rxb7
Rxb4 34. Rxh7 Rb5 35. g3 Rc5 36. Rb1 Be5 37. Rb6 Rxa5 38. Rxg6 Kf8 39. Rc6 Kg8
40. Rb7 Ra1+ 41. Kg2 1-0

[Event "White Nights Open 2006"]
[Site "St. Petersburg RUS"]
[Date "2006.06.26"]
[Round "4.13"]
[White "Reshetov, Valery"]
[Black "Utkin, Aleksey"]
[Result "0-1"]
[WhiteElo "2164"]
[BlackElo "2388"]
[PlyCount "72"]
[EventDate "2006.06.22"]
[EventType "swiss"]
[EventRounds "9"]
[EventCountry "RUS"]
[Source "lmi"]
[SourceDate "2006.06.29"]

1. e4 g6 2. d4 Bg7 3. Nc3 c6 4. Nf3 d6 5. Bd3 Nf6 6. O-O O-O 7. Bg5 Bg4 8. h3
Bxf3 9. Qxf3 Nbd7 10. Qe3 e5 11. dxe5 dxe5 12. Bh6 Qe7 13. Bxg7 Kxg7 14. Ne2
Nh5 15. g4 Nhf6 16. Ng3 h6 17. Kh2 Nh7 18. Rg1 Qh4 19. Ne2 Qg5 20. Qg3 Nc5 21.
h4 Qf6 22. Raf1 Rad8 23. Nc1 Ne6 24. Ne2 Nf4 25. Nxf4 exf4 26. Qf3 Qxh4+ 27.
Qh3 Qf6 28. b3 Ng5 29. Qg2 Rh8 30. Rh1 h5 31. Kg1 hxg4 32. Qxg4 Rxh1+ 33. Kxh1
Rh8+ 34. Kg1 Rh4 35. Qd7 Nf3+ 36. Kg2 Ne5 0-1

[Event "White Nights Open 2006"]
[Site "St. Petersburg RUS"]
[Date "2006.06.26"]
[Round "4.14"]
[White "Kuznetsov, Gennady"]
[Black "Silivanov, Sergej"]
[Result "0-1"]
[WhiteElo "2154"]
[BlackElo "2355"]
[PlyCount "64"]
[EventDate "2006.06.22"]
[EventType "swiss"]
[EventRounds "9"]
[EventCountry "RUS"]
[Source "lmi"]
[SourceDate "2006.06.29"]

1. d4 d5 2. Nf3 Nf6 3. c4 e6 4. g3 dxc4 5. Bg2 Nbd7 6. Qa4 a6 7. Qxc4 b5 8. Qc2
Bb7 9. O-O c5 10. dxc5 Bxc5 11. Nc3 Rc8 12. a3 O-O 13. Bg5 h6 14. Bf4 Qe7 15.
Rad1 e5 16. Bc1 e4 17. Nh4 Qe6 18. Bh1 Ne5 19. Ng2 Neg4 20. Nf4 Qf5 21. e3 g5
22. Nfe2 Qg6 23. b4 Qh5 24. h4 Ba7 25. Qb1 Rxc3 26. Nxc3 gxh4 27. Qa2 hxg3 28.
fxg3 Nxe3 29. Bxe3 Bxe3+ 30. Rf2 Ng4 31. Nd5 Bxf2+ 32. Qxf2 Qxh1+ 0-1

[Event "White Nights Open 2006"]
[Site "St. Petersburg RUS"]
[Date "2006.06.26"]
[Round "4.15"]
[White "Novikov, Mikhail V"]
[Black "Frolochkin, Vladimir"]
[Result "1-0"]
[WhiteElo "2343"]
[BlackElo "2200"]
[PlyCount "90"]
[EventDate "2006.06.22"]
[EventType "swiss"]
[EventRounds "9"]
[EventCountry "RUS"]
[Source "lmi"]
[SourceDate "2006.06.29"]

1. d4 Nf6 2. Nf3 g6 3. c4 Bg7 4. Nc3 O-O 5. e4 d6 6. Be2 e5 7. O-O Nc6 8. d5
Ne7 9. b4 Nh5 10. g3 a5 11. Ba3 f5 12. bxa5 Nf6 13. Nd2 b6 14. exf5 gxf5 15.
Nb5 bxa5 16. Rc1 Kh8 17. c5 dxc5 18. Bxc5 Nfxd5 19. Nf3 c6 20. Nd6 Be6 21. Qd2
Qc7 22. Nc4 Rfd8 23. Nfxe5 f4 24. Rfd1 Nf5 25. Qb2 Rab8 26. Qa1 Nb4 27. Rxd8+
Qxd8 28. Qb1 Nd4 29. Qe4 Nxe2+ 30. Qxe2 Bd5 31. a3 Na6 32. Be7 Qc8 33. Qh5 Qe6
34. Bh4 f3 35. Nxf3 Rf8 36. Ng5 Qf5 37. Qe2 h6 38. Nd6 Qd7 39. Nge4 Nc7 40. Rb1
Nb5 41. Nxb5 cxb5 42. f3 Qc6 43. Kg2 Bc4 44. Qe3 Qe6 45. Rd1 b4 1-0

[Event "White Nights Open 2006"]
[Site "St. Petersburg RUS"]
[Date "2006.06.26"]
[Round "4.16"]
[White "Turikov, Viktor"]
[Black "Kuzmin, Yuriy"]
[Result "1-0"]
[WhiteElo "2340"]
[BlackElo "2114"]
[PlyCount "80"]
[EventDate "2006.06.22"]
[EventType "swiss"]
[EventRounds "9"]
[EventCountry "RUS"]
[Source "lmi"]
[SourceDate "2006.06.29"]

1. d4 d5 2. Nf3 Nf6 3. e3 c5 4. Bd3 Nc6 5. c3 e6 6. O-O Bd6 7. dxc5 Bxc5 8. b4
Bd6 9. Nbd2 O-O 10. a3 Ne5 11. Nxe5 Bxe5 12. Bb2 Bd7 13. Nf3 Bc7 14. c4 dxc4
15. Bxc4 Bc6 16. Qe2 Qe7 17. Ne5 Bd5 18. Bxd5 Nxd5 19. Rac1 Rfd8 20. Rc4 Bxe5
21. Bxe5 f6 22. Bg3 Rac8 23. Rfc1 Qd7 24. h3 Rxc4 25. Qxc4 Nb6 26. Qb3 Rc8 27.
Rd1 Rc3 28. Rxd7 Rxb3 29. Rxb7 Rxa3 30. Bb8 Nd5 31. e4 Nc3 32. Bxa7 Nxe4 33. b5
Nd6 34. Rb8+ Kf7 35. Bc5 Ra1+ 36. Kh2 Nc4 37. Rb7+ Kg8 38. b6 Ra5 39. Rb8+ Kf7
40. Rf8+ Kg6 1-0

[Event "White Nights Open 2006"]
[Site "St. Petersburg RUS"]
[Date "2006.06.26"]
[Round "4.17"]
[White "Fedoseev, Sergey"]
[Black "Grigoriev, Semyon"]
[Result "0-1"]
[WhiteElo "2316"]
[BlackElo "2106"]
[PlyCount "120"]
[EventDate "2006.06.22"]
[EventType "swiss"]
[EventRounds "9"]
[EventCountry "RUS"]
[Source "lmi"]
[SourceDate "2006.06.29"]

1. d4 d5 2. c4 c6 3. Nf3 Nf6 4. Nc3 dxc4 5. a4 Bf5 6. e3 e6 7. Bxc4 Bb4 8. O-O
Nbd7 9. Qe2 O-O 10. e4 Bg4 11. e5 Nd5 12. Bd2 N7b6 13. Bd3 a5 14. h3 Bh5 15.
Bc2 c5 16. dxc5 Bxc5 17. Ne4 Bb4 18. Bxb4 Nxb4 19. Rad1 Qc7 20. Bb3 Bxf3 21.
Qxf3 Qxe5 22. Nd6 N6d5 23. Nc4 Qc7 24. Rd4 Nf6 25. Rfd1 Nc6 26. R4d2 Rad8 27.
Qe3 Rxd2 28. Rxd2 Nd5 29. Qe4 Rd8 30. g3 Nf6 31. Qe3 Rxd2 32. Qxd2 Qd7 33. Qe1
Qd8 34. Bd1 Nb4 35. Bf3 b6 36. Qe3 Nfd5 37. Qd4 h6 38. b3 Qc7 39. Bg2 Nc6 40.
Qe4 Qb8 41. Qe1 Ncb4 42. Qd2 Qf8 43. Qd4 Nc6 44. Qd3 Qc5 45. Be4 Ncb4 46. Qd2
Nc6 47. Kg2 Nd4 48. Bb1 Nf6 49. f3 Nd5 50. Qd3 g6 51. h4 h5 52. Kh2 Nf5 53. Qd2
Nfe3 54. Qd3 Nxc4 55. bxc4 Qf2+ 56. Kh3 Ne3 57. Qd8+ Kg7 58. Qd4+ Kh7 59. Bxg6+
fxg6 60. Qd7+ Kh6 0-1